Ma Jianzhong (1845-1900) : satu kajian tentang riwayat hidup dan karya-karyanya /
Saved in:
| Main Author: | |
|---|---|
| Format: | Thesis Book |
| Language: | Malay |
| Published: |
1996.
|
| Subjects: | |
| Tags: |
Add Tag
No Tags, Be the first to tag this record!
|
| LEADER | 00998cam a2200277 a 4500 | ||
|---|---|---|---|
| 001 | u417785 | ||
| 003 | SIRSI | ||
| 008 | 940826s1996 my t 00 10bmay m | ||
| 035 | |a ACE-1309 | ||
| 040 | |a UMM | ||
| 043 | |a a-cc--- | ||
| 090 | |a PL1064 |b M3Loh | ||
| 091 | |a Microfiche 14242 |b (sedang dimikrofis 27/9/99) | ||
| 100 | 1 | 0 | |a Loh, Wah Ching. |
| 245 | 1 | 0 | |a Ma Jianzhong (1845-1900) : |b satu kajian tentang riwayat hidup dan karya-karyanya / |c Loh Wah Ching. |
| 260 | |c 1996. | ||
| 300 | |a vi, 433 leaves : |b ill. ; |c 30 cm. | ||
| 502 | |a Dissertation (M.A.) -- Fakulti Sastera dan Sains Sosial, Universiti Malaya, 1996. | ||
| 504 | |a Bibliography : leaves 419-430. | ||
| 600 | 1 | 0 | |a Ma, Jianzhong, |d 1844-1900. |
| 650 | 0 | |a Authors, Chinese |z China |x Biography. | |
| 650 | 0 | |a Linguists |z China |x Biography. | |
| 710 | 2 | 0 | |a Universiti Malaya. |b Fakulti Sastera dan Sains Sosial. |
| 948 | |a 14/11/1997 |b 13/06/2002 | ||
| 596 | |a 1 | ||
| 999 | |a PL1064 M3LOH |w LC |c 1 |i A507468726 |l STACKS |m P01UTAMA |r Y |s Y |t TESIS |u 12/1/1998 | ||
